| Tag |
First Indicator |
Second Indicator |
Subfields |
| LEADER |
00000cam a2200000 a 4500 |
| 001 |
in00002774634 |
| 005 |
20150922114642.0 |
| 008 |
120305s2012 nyub 000 1 eng |
| 010 |
|
|
|a 2012009016
|
| 020 |
|
|
|a 9780316079914 (hbk.)
|
| 020 |
|
|
|a 031607991X (hbk.)
|
| 035 |
|
|
|a (OCoLC)ocn776525067
|
| 040 |
|
|
|a DLC
|b eng
|c DLC
|d IG#
|d BTCTA
|d BDX
|d UPZ
|d IEB
|d UtOrBLW
|
| 049 |
|
|
|a TXAM
|
| 050 |
0 |
0 |
|a PS3623.E4223
|b B575 2012
|
| 082 |
0 |
0 |
|a 813/.6
|2 23
|
| 100 |
1 |
|
|a Weeks, Brent.
|
| 245 |
1 |
4 |
|a The blinding knife /
|c Brent Weeks.
|
| 250 |
|
|
|a 1st ed.
|
| 264 |
|
1 |
|a New York :
|b Orbit,
|c 2012.
|
| 300 |
|
|
|a 671 pages :
|b map ;
|c 25 cm.
|
| 336 |
|
|
|a text
|b txt
|2 rdacontent
|
| 337 |
|
|
|a unmediated
|b n
|2 rdamedia
|
| 338 |
|
|
|a volume
|b nc
|2 rdacarrier
|
| 490 |
1 |
|
|a Lightbringer ;
|v bk. 2
|
| 520 |
|
|
|a Gavin Guile thought he had five years left--now he has less than one. With fifty thousand refugees, a bastard son, and an ex-fiancée who may have learned his darkest secret, Gavin has problems on every side. All magic in the world is running wild and threatens to destroy the Seven Satrapies. Worst of all, the old gods are being reborn, and their army of color wights is unstoppable. The only salvation may be the brother whose freedom and life Gavin stole sixteen years ago.
|
| 650 |
|
0 |
|a Emperors
|v Fiction.
|
| 650 |
|
0 |
|a Brothers
|v Fiction.
|
| 650 |
|
0 |
|a Secrets
|v Fiction.
|
| 650 |
|
0 |
|a Magic
|v Fiction.
|
| 655 |
|
7 |
|a War stories.
|2 gsafd
|
| 655 |
|
7 |
|a Fantasy fiction.
|2 gsafd
|
| 655 |
|
7 |
|a Occult fiction.
|2 gsafd
|
| 800 |
1 |
|
|a Weeks, Brent.
|t Lightbringer series ;
|v bk. 2.
|
| 948 |
|
|
|a cataloged
|b h
|c 2012/9/17
|d c
|e ceaton
|f 10:07:59 am
|
| 994 |
|
|
|a C0
|b TXA
|
| 999 |
|
|
|a MARS
|
| 999 |
f |
f |
|s dc9edc33-8122-352f-9454-9b5086cdd928
|i fd0b29a0-eb4e-34f6-bcdd-6c027167d8d1
|t 0
|
| 952 |
f |
f |
|p normal
|a Texas A&M University
|b College Station
|c Sterling C. Evans Library
|s Evans stk
|d Evans: Library Stacks
|t 0
|e PS3623.E4223 B575 2012
|h Library of Congress classification
|i unmediated -- volume
|m A14841523438
|
| 998 |
f |
f |
|a PS3623.E4223 B575 2012
|t 0
|l Evans: Library Stacks
|